000 00558nam a22001937a 4500
003 KOHA_MİRAKIL
005 20251116145116.0
008 251116b tu ||||| |||| 00| 0 tur d
020 _a9786254182389
040 _aTR-AnABB
_btur
_cTR-AnABB
041 _atur
082 _a813.42
_bYIL 2023
100 1 _aYıldırım, İbrahim,
245 1 0 _aBıçkın ve orta halli /
_cİbrahim Yıldırım
260 _aİstanbul :
_bKırmızıkedi Yayınları,
_c2023
300 _a638 sayfa ;
_c20 cm
650 0 4 _aTürk edebiyatı, roman
942 _2ddc
_cBK
999 _c9432
_d9432
900 _bGizem YORULMAZ